00700nam a2200217 a 4500001000400000003001000004005001700014008004100031020001800072040002500090080002500115100004100140245009900181250001200280260003400292300002500326504002500351650004400376650003100420650003100451535BR-CuiBMT20231108213916.0231019s2009 spb 000 0 por d a9788502071803 aBR-CuiBMTcBR-CuiBMT a347.952:336.22220071 aTheodoro Júnior, Humberto,d1938- 10aLei de execução fiscal :bcomentários e jurisprudência /cHumberto Theodoro Júnior.  a11. ed. aSão Paulo :bSaraiva,c2009 a657 p. ;cxxx, 21 cm aInclui bibliografia. aDireito civilxJurisprudênciazBrasil aCódigo de processo civil aLei de execução fiscal